000 00319nam a2200121Ia 4500
003 GCL
008 140319s9999 xx 000 0 eng d
040 _aGCL /
_cGCL
082 0 4 _a520.3
_bM A
245 1 0 _aThe Astrponomy and Astrophsics Emcyclopedia
260 _a[S.N] :
_bABT AKVERT SKIRA S.A ،
_c1991
300 _a1002 P
999 _c13267
_d13267